000
00335nam a2200145Ia 4500
005
20251222144817.0
008
251222s9999||||xx |||||||||||||| ||spa||
020
_a
84-481-2457-X
082
_a
401.9/B45
100
_a
Berko Gleason, Jean
245
0
_a
Psicolingüistica
250
_a
2a. ed.
264
_b
McGraw-Hill
942
_c
LIB
999
_c
20335
_d
20335